[Event "DEM U12w 2022"]
[Site "Willingen GER"]
[Date "2022.06.05"]
[Round "2"]
[White "Vogt, Luna"]
[Black "Sickmann, Lisa"]
[Result "0-1"]
[Termination "normal"]
[Board "1"]
[WhiteElo "1334"]
[BlackElo "1660"]
[WhiteClock "00:13:34"]
[BlackClock "00:18:16"]
[PlyCount "76"]
[WhiteFideId "34607153"]
[BlackFideId "16267818"]
[EventCountry "GER"]
[EventRounds "9"]
[EventType "swiss"]
[EventDate "2022.06.04"]

1. d4 {[%clk 01:30:57]} {[%emt 00:00:02]} d5 {[%clk 01:30:56]} {[%emt
00:00:05]} 2. c4 {[%clk 01:31:18]} {[%emt 00:00:09]} e6 {[%clk 01:31:22]}
{[%emt 00:00:04]} 3. Nc3 {[%clk 01:31:41]} {[%emt 00:00:07]} Nf6 {[%clk
01:31:46]} {[%emt 00:00:06]} 4. cxd5 {[%clk 01:31:16]} {[%emt 00:00:55]} exd5
{[%clk 01:32:04]} {[%emt 00:00:12]} 5. Bg5 {[%clk 01:31:19]} {[%emt 00:00:27]}
Be7 {[%clk 01:32:20]} {[%emt 00:00:13]} 6. e3 {[%clk 01:30:46]} {[%emt
00:01:04]} c6 {[%clk 01:32:24]} {[%emt 00:00:26]} 7. Bd3 {[%clk 01:30:44]}
{[%emt 00:00:32]} h6 {[%clk 01:31:30]} {[%emt 00:01:24]} 8. Bh4 {[%clk
01:30:00]} {[%emt 00:01:14]} O-O {[%clk 01:31:46]} {[%emt 00:00:13]} 9. Nge2
{[%clk 01:30:03]} {[%emt 00:00:28]} Nbd7 {[%clk 01:30:35]} {[%emt 00:01:41]}
10. O-O {[%clk 01:30:01]} {[%emt 00:00:32]} Ne4 {[%clk 01:30:05]} {[%emt
00:01:00]} 11. Bxe7 {[%clk 01:29:40]} {[%emt 00:00:51]} Qxe7 {[%clk 01:30:24]}
{[%emt 00:00:10]} 12. Bxe4 {[%clk 01:29:10]} {[%emt 00:01:00]} dxe4 {[%clk
01:30:32]} {[%emt 00:00:23]} 13. Qc2 {[%clk 01:26:43]} {[%emt 00:02:57]} Nf6
{[%clk 01:28:20]} {[%emt 00:02:43]} 14. Rfd1 {[%clk 01:23:44]} {[%emt
00:03:28]} Bg4 {[%clk 01:23:12]} {[%emt 00:05:38]} 15. h3 {[%clk 01:14:15]}
{[%emt 00:09:58]} Bxe2 {[%clk 01:20:54]} {[%emt 00:02:49]} 16. Nxe2 {[%clk
01:13:37]} {[%emt 00:01:08]} Rad8 {[%clk 01:19:24]} {[%emt 00:01:59]} 17. Rac1
{[%clk 01:11:41]} {[%emt 00:02:27]} Rfe8 {[%clk 01:18:57]} {[%emt 00:00:56]}
18. Nf4 {[%clk 01:06:06]} {[%emt 00:06:07]} g5 {[%clk 01:13:38]} {[%emt
00:05:49]} 19. Ne2 {[%clk 01:06:03]} {[%emt 00:00:33]} g4 {[%clk 01:02:28]}
{[%emt 00:11:39]} 20. Nf4 {[%clk 01:01:11]} {[%emt 00:05:22]} gxh3 {[%clk
01:02:19]} {[%emt 00:00:39]} 21. Nxh3 {[%clk 01:00:53]} {[%emt 00:00:47]} Nd5
{[%emt 00:07:28]} 22. a3 {[%clk 00:58:52]} {[%emt 00:02:31]} Rd6 {[%clk
00:53:29]} {[%emt 00:02:22]} 23. Qe2 {[%clk 00:54:11]} {[%emt 00:05:12]} Rg6
{[%clk 00:53:27]} {[%emt 00:00:32]} 24. g3 {[%clk 00:46:42]} {[%emt 00:07:59]}
Kh7 {[%clk 00:51:47]} {[%emt 00:02:10]} 25. Kh2 {[%clk 00:45:00]} {[%emt
00:02:12]} Qe6 {[%clk 00:47:33]} {[%emt 00:04:44]} 26. Rh1 {[%clk 00:41:12]}
{[%emt 00:04:19]} Reg8 {[%clk 00:46:47]} {[%emt 00:01:14]} 27. Rcg1 {[%clk
00:40:28]} {[%emt 00:01:13]} Qf5 {[%clk 00:45:42]} {[%emt 00:01:35]} 28. Rg2
{[%clk 00:36:48]} {[%emt 00:04:11]} b5 {[%clk 00:39:19]} {[%emt 00:06:53]} 29.
Rf1 {[%clk 00:33:00]} {[%emt 00:04:19]} Rf6 {[%clk 00:27:06]} {[%emt 00:12:42]}
30. Rfg1 {[%clk 00:27:45]} {[%emt 00:05:45]} Qf3 {[%clk 00:26:12]} {[%emt
00:01:25]} 31. Re1 {[%clk 00:25:37]} {[%emt 00:02:38]} Qf5 {[%clk 00:23:03]}
{[%emt 00:03:39]} 32. Reg1 {[%clk 00:24:42]} {[%emt 00:01:25]} Qe6 {[%clk
00:21:29]} {[%emt 00:02:03]} 33. Nf4 {[%clk 00:24:12]} {[%emt 00:01:01]} Nxf4
{[%clk 00:19:06]} {[%emt 00:02:54]} 34. gxf4 {[%clk 00:24:20]} {[%emt
00:00:22]} Rfg6 {[%clk 00:18:27]} {[%emt 00:01:07]} 35. f3 {[%clk 00:16:05]}
{[%emt 00:08:46]} Qf6 {[%clk 00:17:48]} {[%emt 00:01:09]} 36. Rxg6 {[%clk
00:13:42]} {[%emt 00:02:53]} Qh4+ {[%clk 00:17:51]} {[%emt 00:00:27]} 37. Kg2
{[%clk 00:13:45]} {[%emt 00:00:27]} Rxg6+ {[%clk 00:18:09]} {[%emt 00:00:12]}
38. Kf1 {[%clk 00:13:34]} {[%emt 00:00:40]} Qh3+ {[%clk 00:18:16]} {[%emt
00:00:23]} 0-1

[Event "DEM U12w 2022"]
[Site "Willingen GER"]
[Date "2022.06.05"]
[Round "2"]
[White "Burlutskaia, Maria"]
[Black "Yamshchikova, Alisa"]
[Result "0-1"]
[Termination "normal"]
[Board "2"]
[WhiteElo "1408"]
[BlackElo "1216"]
[WhiteClock "00:09:30"]
[BlackClock "00:09:17"]
[PlyCount "144"]
[WhiteFideId "34607137"]
[BlackFideId "34135790"]
[EventCountry "GER"]
[EventRounds "9"]
[EventType "swiss"]
[EventDate "2022.06.04"]

1. e4 {[%clk 01:30:59]} c5 {[%clk 01:30:55]} {[%emt 00:00:05]} 2. Nc3 {[%clk
01:31:24]} {[%emt 00:00:05]} Nc6 {[%clk 01:31:13]} {[%emt 00:00:11]} 3. Bb5
{[%clk 01:31:49]} {[%emt 00:00:06]} e6 {[%clk 01:31:30]} {[%emt 00:00:13]} 4.
Bxc6 {[%clk 01:31:35]} {[%emt 00:00:44]} bxc6 {[%clk 01:31:34]} {[%emt
00:00:26]} 5. d3 {[%clk 01:30:16]} {[%emt 00:01:49]} d5 {[%clk 01:31:51]}
{[%emt 00:00:13]} 6. f4 {[%clk 01:26:27]} {[%emt 00:04:19]} Ne7 {[%clk
01:22:32]} {[%emt 00:09:49]} 7. e5 {[%clk 01:22:28]} {[%emt 00:04:29]} Nf5
{[%clk 01:21:22]} {[%emt 00:01:40]} 8. Nf3 {[%clk 01:22:36]} {[%emt 00:00:22]}
Be7 {[%clk 01:21:34]} {[%emt 00:00:16]} 9. O-O {[%clk 01:21:29]} {[%emt
00:01:39]} O-O {[%clk 01:21:02]} {[%emt 00:01:02]} 10. g4 {[%clk 01:19:23]}
{[%emt 00:02:36]} Nd4 {[%clk 01:21:08]} {[%emt 00:00:24]} 11. Nxd4 {[%clk
01:19:40]} {[%emt 00:00:14]} cxd4 {[%clk 01:21:31]} {[%emt 00:00:06]} 12. Ne2
{[%clk 01:20:03]} {[%emt 00:00:06]} c5 {[%clk 01:21:53]} {[%emt 00:00:08]} 13.
Ng3 {[%clk 01:18:46]} {[%emt 00:01:48]} c4 {[%clk 01:18:32]} {[%emt 00:03:52]}
14. Qe2 {[%clk 01:03:08]} {[%emt 00:16:08]} a5 {[%clk 01:16:16]} {[%emt
00:02:45]} 15. f5 {[%clk 01:01:11]} {[%emt 00:02:27]} exf5 {[%clk 00:59:40]}
{[%emt 00:17:06]} 16. gxf5 {[%clk 01:00:21]} {[%emt 00:01:21]} Bg5 {[%clk
00:45:26]} {[%emt 00:14:43]} 17. Nh5 {[%clk 00:54:18]} {[%emt 00:06:32]} Bxc1
{[%clk 00:43:39]} {[%emt 00:02:18]} 18. Raxc1 {[%clk 00:53:00]} {[%emt
00:01:48]} Qg5+ {[%clk 00:41:47]} {[%emt 00:02:21]} 19. Kh1 {[%clk 00:52:31]}
{[%emt 00:01:00]} cxd3 {[%clk 00:34:25]} {[%emt 00:07:52]} 20. cxd3 {[%clk
00:52:48]} {[%emt 00:00:13]} g6 {[%clk 00:33:05]} {[%emt 00:01:51]} 21. Nf6+
{[%clk 00:52:24]} {[%emt 00:00:53]} Kh8 {[%clk 00:33:03]} {[%emt 00:00:30]} 22.
fxg6 {[%clk 00:40:08]} {[%emt 00:12:47]} hxg6 {[%clk 00:32:15]} {[%emt
00:01:18]} 23. Rg1 {[%clk 00:37:37]} {[%emt 00:03:01]} Qe3 {[%clk 00:29:16]}
{[%emt 00:03:28]} 24. Qxe3 {[%clk 00:33:56]} {[%emt 00:04:13]} dxe3 {[%clk
00:29:40]} {[%emt 00:00:06]} 25. d4 {[%clk 00:33:49]} {[%emt 00:00:37]} Rb8
{[%clk 00:26:52]} {[%emt 00:03:18]} 26. b3 {[%clk 00:30:58]} {[%emt 00:03:20]}
Rb4 {[%clk 00:24:57]} {[%emt 00:02:23]} 27. Rg3 {[%clk 00:29:08]} {[%emt
00:02:22]} e2 {[%clk 00:23:11]} {[%emt 00:02:17]} 28. Rd3 {[%clk 00:25:56]}
{[%emt 00:03:42]} Kg7 {[%clk 00:20:48]} {[%emt 00:02:51]} 29. Kg1 {[%clk
00:24:14]} {[%emt 00:02:14]} Bf5 {[%clk 00:18:07]} {[%emt 00:03:09]} 30. Rd2
{[%clk 00:23:04]} {[%emt 00:01:41]} Be4 {[%clk 00:17:59]} {[%emt 00:00:38]} 31.
Kf2 {[%clk 00:22:35]} {[%emt 00:00:59]} Rh8 {[%clk 00:17:22]} {[%emt 00:01:08]}
32. Kg3 {[%clk 00:20:31]} {[%emt 00:02:34]} a4 {[%clk 00:16:39]} {[%emt
00:01:13]} 33. Nxe4 {[%clk 00:18:00]} {[%emt 00:03:00]} dxe4 {[%clk 00:17:02]}
{[%emt 00:00:08]} 34. bxa4 {[%clk 00:18:20]} {[%emt 00:00:11]} Rxa4 {[%clk
00:17:24]} {[%emt 00:00:08]} 35. d5 {[%clk 00:17:39]} {[%emt 00:01:10]} Ra3+
{[%clk 00:16:37]} {[%emt 00:01:17]} 36. Kg2 {[%clk 00:17:07]} {[%emt 00:01:02]}
Rd3 {[%clk 00:16:14]} {[%emt 00:00:51]} 37. Rxe2 {[%clk 00:16:07]} {[%emt
00:01:32]} Rxd5 {[%clk 00:16:35]} {[%emt 00:00:09]} 38. Rc4 {[%clk 00:15:58]}
{[%emt 00:00:39]} Rxe5 {[%clk 00:15:29]} {[%emt 00:01:36]} 39. Rcxe4 {[%clk
00:15:54]} {[%emt 00:00:34]} Reh5 {[%clk 00:14:41]} {[%emt 00:01:17]} 40. Kg1
{[%clk 00:14:50]} {[%emt 00:01:35]} Ra8 {[%clk 00:14:50]} {[%emt 00:00:22]} 41.
a4 {[%clk 00:14:50]} {[%emt 00:00:29]} Rha5 {[%emt 00:00:34]} 42. Ra2 {[%clk
00:15:02]} R8a7 {[%clk 00:15:17]} {[%emt 00:00:17]} 43. Kf2 {[%clk 00:14:37]}
{[%emt 00:00:55]} Rh5 {[%clk 00:15:20]} {[%emt 00:00:27]} 44. Ke3 {[%clk
00:14:50]} {[%emt 00:00:17]} Rha5 {[%clk 00:14:34]} {[%emt 00:01:16]} 45. Kd4
{[%clk 00:14:14]} {[%emt 00:01:06]} Rc7 {[%clk 00:13:50]} {[%emt 00:01:13]} 46.
Re5 {[%clk 00:13:56]} {[%emt 00:00:49]} Rd7+ {[%clk 00:14:03]} {[%emt
00:00:17]} 47. Ke4 {[%clk 00:14:17]} {[%emt 00:00:08]} f5+ {[%clk 00:14:21]}
{[%emt 00:00:13]} 48. Kf4 {[%clk 00:14:35]} {[%emt 00:00:13]} Rd4+ {[%clk
00:12:20]} {[%emt 00:02:30]} 49. Ke3 {[%clk 00:14:46]} {[%emt 00:00:19]} Raxa4
{[%clk 00:12:36]} {[%emt 00:00:13]} 50. Rxa4 {[%clk 00:13:31]} {[%emt
00:01:45]} Rxa4 {[%clk 00:13:00]} {[%emt 00:00:07]} 51. Kf3 {[%clk 00:12:05]}
{[%emt 00:01:56]} Kf6 {[%clk 00:10:50]} {[%emt 00:02:40]} 52. Re3 {[%clk
00:10:26]} {[%emt 00:02:09]} g5 {[%clk 00:10:34]} {[%emt 00:00:45]} 53. Rb3
{[%clk 00:10:30]} {[%emt 00:00:27]} g4+ {[%clk 00:10:29]} {[%emt 00:00:36]} 54.
Kg3 {[%clk 00:10:51]} {[%emt 00:00:08]} Kg5 {[%clk 00:10:46]} {[%emt 00:00:12]}
55. Rb8 {[%clk 00:08:36]} {[%emt 00:02:46]} Ra3+ {[%clk 00:10:43]} {[%emt
00:00:34]} 56. Kf2 {[%clk 00:08:40]} {[%emt 00:00:25]} Ra2+ {[%clk 00:10:43]}
{[%emt 00:00:29]} 57. Kg1 {[%clk 00:08:56]} {[%emt 00:00:15]} Re2 {[%clk
00:10:27]} {[%emt 00:00:46]} 58. Rg8+ {[%clk 00:08:43]} {[%emt 00:00:43]} Kf4
{[%clk 00:10:50]} {[%emt 00:00:07]} 59. Rf8 {[%clk 00:08:39]} {[%emt 00:00:34]}
Rd2 {[%clk 00:10:10]} {[%emt 00:01:10]} 60. Rf7 {[%clk 00:08:14]} {[%emt
00:00:54]} Ke4 {[%clk 00:09:59]} {[%emt 00:00:40]} 61. Rf8 {[%clk 00:08:12]}
{[%emt 00:01:15]} f4 {[%clk 00:10:18]} {[%emt 00:00:11]} 62. Re8+ {[%clk
00:08:30]} {[%emt 00:00:12]} Kf3 {[%clk 00:10:35]} {[%emt 00:00:13]} 63. Re1
{[%clk 00:08:24]} {[%emt 00:00:36]} Rg2+ {[%clk 00:08:49]} {[%emt 00:02:14]}
64. Kh1 {[%clk 00:08:49]} {[%emt 00:00:06]} Re2 {[%clk 00:09:07]} {[%emt
00:00:11]} 65. Rf1+ {[%clk 00:08:58]} {[%emt 00:00:23]} Ke3 {[%clk 00:09:18]}
{[%emt 00:00:18]} 66. Rg1 {[%clk 00:08:11]} {[%emt 00:01:17]} f3 {[%clk
00:08:17]} {[%emt 00:01:31]} 67. Rf1 {[%clk 00:08:05]} {[%emt 00:00:37]} Kd2
{[%clk 00:07:57]} {[%emt 00:00:50]} 68. Kg1 {[%clk 00:07:40]} {[%emt 00:00:54]}
Re1 {[%clk 00:08:07]} {[%emt 00:00:20]} 69. Kf2 {[%clk 00:08:07]} {[%emt
00:00:03]} Rxf1 {[%clk 00:08:29]} {[%emt 00:00:08]} 70. Kxf1 {[%clk 00:08:35]}
{[%emt 00:00:03]} Ke3 {[%clk 00:08:50]} {[%emt 00:00:09]} 71. Ke1 {[%clk
00:09:02]} {[%emt 00:00:02]} f2+ {[%clk 00:09:00]} {[%emt 00:00:20]} 72. Kf1
{[%clk 00:09:30]} {[%emt 00:00:03]} Kf3 {[%clk 00:09:17]} {[%emt 00:00:13]} 0-1

[Event "DEM U12w 2022"]
[Site "Willingen GER"]
[Date "2022.06.05"]
[Round "2"]
[White "Dodul, Alice"]
[Black "Bauer, Laura Sophie"]
[Result "1-0"]
[Termination "normal"]
[Board "3"]
[WhiteElo "1329"]
[BlackElo "1428"]
[WhiteClock "01:03:09"]
[BlackClock "01:05:15"]
[PlyCount "65"]
[WhiteFideId "34623817"]
[BlackFideId "16253647"]
[EventCountry "GER"]
[EventRounds "9"]
[EventType "swiss"]
[EventDate "2022.06.04"]

1. f4 {[%clk 01:30:57]} {[%emt 00:00:02]} d5 {[%clk 01:30:55]} {[%emt
00:00:06]} 2. Nf3 {[%clk 01:31:14]} {[%emt 00:00:11]} Bg4 {[%clk 01:31:20]}
{[%emt 00:00:06]} 3. e3 {[%clk 01:31:26]} {[%emt 00:00:18]} e6 {[%clk
01:31:28]} {[%emt 00:00:23]} 4. b3 {[%clk 01:31:33]} {[%emt 00:00:22]} c5
{[%clk 01:31:01]} {[%emt 00:00:58]} 5. Bb5+ {[%clk 01:31:29]} {[%emt 00:00:33]}
Nd7 {[%clk 01:30:05]} {[%emt 00:01:27]} 6. Bb2 {[%clk 01:31:26]} {[%emt
00:00:32]} a6 {[%clk 01:29:00]} {[%emt 00:01:36]} 7. Bxd7+ {[%clk 01:31:47]}
{[%emt 00:00:08]} Qxd7 {[%clk 01:29:21]} {[%emt 00:00:09]} 8. O-O {[%clk
01:31:43]} {[%emt 00:00:33]} Qd8 {[%clk 01:27:43]} {[%emt 00:02:09]} 9. d3
{[%clk 01:30:39]} {[%emt 00:01:35]} Nf6 {[%clk 01:27:50]} {[%emt 00:00:23]} 10.
Nbd2 {[%clk 01:30:18]} {[%emt 00:00:51]} Be7 {[%clk 01:27:26]} {[%emt
00:00:53]} 11. Qe1 {[%clk 01:30:11]} {[%emt 00:00:37]} h6 {[%clk 01:25:38]}
{[%emt 00:02:18]} 12. Qg3 {[%clk 01:29:26]} {[%emt 00:01:15]} Bf5 {[%clk
01:15:57]} {[%emt 00:10:11]} 13. Qxg7 {[%clk 01:23:07]} {[%emt 00:06:48]} Rg8
{[%clk 01:15:04]} {[%emt 00:01:24]} 14. Qxh6 {[%clk 01:22:39]} {[%emt
00:00:58]} Ng4 {[%clk 01:14:47]} {[%emt 00:00:48]} 15. Qh5 {[%clk 01:21:44]}
{[%emt 00:01:25]} Nxe3 {[%clk 01:14:31]} {[%emt 00:00:45]} 16. Rf2 {[%clk
01:21:23]} {[%emt 00:00:51]} Bg6 {[%clk 01:13:46]} {[%emt 00:01:16]} 17. Qh3
{[%clk 01:20:15]} {[%emt 00:01:36]} Nxc2 {[%clk 01:13:40]} {[%emt 00:00:38]}
18. Rc1 {[%clk 01:19:32]} {[%emt 00:01:12]} Nb4 {[%clk 01:13:54]} {[%emt
00:00:15]} 19. Rff1 {[%clk 01:15:13]} {[%emt 00:04:50]} Nxd3 {[%clk 01:13:49]}
{[%emt 00:00:34]} 20. Rb1 {[%clk 01:15:09]} {[%emt 00:00:35]} Nxf4 {[%clk
01:14:08]} {[%emt 00:00:12]} 21. Qg4 {[%clk 01:14:28]} {[%emt 00:01:10]} Ne2+
{[%clk 01:11:35]} {[%emt 00:03:03]} 22. Kf2 {[%clk 01:12:48]} {[%emt 00:02:10]}
Bh7 {[%clk 01:11:40]} {[%emt 00:00:23]} 23. Qh5 {[%clk 01:11:30]} {[%emt
00:01:50]} Bxb1 {[%clk 01:11:39]} {[%emt 00:00:31]} 24. Nxb1 {[%clk 01:10:18]}
{[%emt 00:01:42]} Nf4 {[%clk 01:11:51]} {[%emt 00:00:16]} 25. Qh7 {[%clk
01:10:09]} {[%emt 00:00:41]} Rxg2+ {[%clk 01:12:07]} {[%emt 00:00:15]} 26. Ke3
{[%clk 01:09:00]} {[%emt 00:01:38]} Ng6 {[%clk 01:06:46]} {[%emt 00:05:51]} 27.
Nbd2 {[%clk 01:04:19]} {[%emt 00:05:11]} Bg5+ {[%clk 01:05:06]} {[%emt
00:02:10]} 28. Kd3 {[%clk 01:03:51]} {[%emt 00:00:58]} c4+ {[%clk 01:04:57]}
{[%emt 00:00:40]} 29. Kc2 {[%clk 01:03:31]} {[%emt 00:00:48]} cxb3+ {[%clk
01:05:04]} {[%emt 00:00:24]} 30. axb3 {[%clk 01:03:31]} {[%emt 00:00:30]} Rc8+
{[%clk 01:04:56]} {[%emt 00:00:36]} 31. Kb1 {[%clk 01:03:11]} {[%emt 00:00:52]}
Bxd2 {[%clk 01:04:57]} {[%emt 00:00:29]} 32. Nxd2 {[%clk 01:03:24]} {[%emt
00:00:17]} Rxd2 {[%clk 01:05:15]} {[%emt 00:00:12]} 33. Qxf7# {[%clk 01:03:09]}
{[%emt 00:00:13]} 1-0

[Event "DEM U12w 2022"]
[Site "Willingen GER"]
[Date "2022.06.05"]
[Round "2"]
[White "Trunz, Tamila"]
[Black "Xiao, Yiyi"]
[Result "1-0"]
[Termination "normal"]
[Board "4"]
[WhiteElo "1474"]
[BlackElo "1064"]
[WhiteClock "00:30:51"]
[BlackClock "01:02:01"]
[PlyCount "47"]
[WhiteFideId "16267885"]
[BlackFideId "34605665"]
[EventCountry "GER"]
[EventRounds "9"]
[EventType "swiss"]
[EventDate "2022.06.04"]

1. e4 {[%clk 01:30:55]} {[%emt 00:00:05]} c6 {[%clk 01:15:52]} {[%emt
00:00:09]} 2. d4 {[%clk 01:31:14]} {[%emt 00:00:10]} d5 {[%clk 01:16:15]}
{[%emt 00:00:07]} 3. e5 {[%clk 01:31:36]} {[%emt 00:00:08]} Bf5 {[%clk
01:16:37]} {[%emt 00:00:08]} 4. g4 {[%clk 01:31:49]} {[%emt 00:00:17]} Bg6
{[%clk 01:16:46]} {[%emt 00:00:21]} 5. e6 {[%clk 01:31:37]} {[%emt 00:00:42]}
fxe6 {[%clk 01:16:37]} {[%emt 00:00:39]} 6. h4 {[%clk 01:27:38]} {[%emt
00:04:28]} h6 {[%clk 01:16:10]} {[%emt 00:00:57]} 7. Bd3 {[%clk 01:27:21]}
{[%emt 00:00:47]} Bf7 {[%clk 01:16:11]} {[%emt 00:00:30]} 8. Nf3 {[%clk
01:21:52]} {[%emt 00:05:59]} Nd7 {[%clk 01:15:44]} {[%emt 00:00:57]} 9. Bf4
{[%clk 01:16:25]} {[%emt 00:05:58]} Qb6 {[%clk 01:15:29]} {[%emt 00:00:45]} 10.
Nbd2 {[%clk 01:02:48]} {[%emt 00:14:06]} Ngf6 {[%clk 01:14:50]} {[%emt
00:01:09]} 11. Rg1 {[%clk 00:59:55]} {[%emt 00:03:22]} g6 {[%clk 01:13:43]}
{[%emt 00:01:37]} 12. Nb3 {[%clk 00:52:17]} {[%emt 00:08:10]} Bg7 {[%clk
01:13:00]} {[%emt 00:01:11]} 13. Qe2 {[%clk 00:48:33]} {[%emt 00:04:14]} a6
{[%clk 01:11:37]} {[%emt 00:01:54]} 14. O-O-O {[%clk 00:44:42]} {[%emt
00:04:21]} Rc8 {[%clk 01:10:59]} {[%emt 00:01:08]} 15. Ne5 {[%clk 00:37:33]}
{[%emt 00:07:39]} Nxe5 {[%clk 01:09:56]} {[%emt 00:01:32]} 16. Bxe5 {[%clk
00:37:15]} {[%emt 00:00:49]} O-O {[%clk 01:10:07]} {[%emt 00:00:19]} 17. Nc5
{[%clk 00:36:29]} {[%emt 00:01:16]} Rfd8 {[%clk 01:08:42]} {[%emt 00:01:54]}
18. g5 {[%clk 00:34:31]} {[%emt 00:02:29]} Nd7 {[%clk 01:06:49]} {[%emt
00:02:23]} 19. Bxg7 {[%clk 00:32:42]} {[%emt 00:02:18]} Kxg7 {[%emt 00:00:23]}
20. Nxe6+ {[%emt 00:02:03]} Bxe6 {[%clk 01:03:14]} {[%emt 00:01:39]} 21. Qxe6
{[%clk 00:32:23]} {[%emt 00:00:50]} Nf8 {[%clk 01:03:14]} {[%emt 00:00:30]} 22.
gxh6+ {[%clk 00:30:54]} {[%emt 00:01:59]} Kh8 {[%clk 01:03:01]} {[%emt
00:00:43]} 23. Qe5+ {[%clk 00:30:29]} {[%emt 00:00:54]} Kh7 {[%clk 01:02:01]}
{[%emt 00:01:31]} 24. Qg7# {[%clk 00:30:51]} {[%emt 00:00:08]} 1-0

[Event "DEM U12w 2022"]
[Site "Willingen GER"]
[Date "2022.06.05"]
[Round "2"]
[White "Hoffmann, Svenja"]
[Black "Neininger, Sarah"]
[Result "1-0"]
[Termination "normal"]
[Board "5"]
[WhiteElo "1284"]
[BlackElo "1429"]
[WhiteClock "01:05:49"]
[BlackClock "00:21:57"]
[PlyCount "57"]
[WhiteFideId "16287312"]
[BlackFideId "16287410"]
[EventCountry "GER"]
[EventRounds "9"]
[EventType "swiss"]
[EventDate "2022.06.04"]

1. e4 {[%clk 01:30:57]} {[%emt 00:00:01]} c5 {[%clk 01:30:54]} {[%emt
00:00:07]} 2. Nf3 {[%clk 01:31:12]} {[%emt 00:00:15]} Nc6 {[%clk 01:31:13]}
{[%emt 00:00:12]} 3. d4 {[%clk 01:31:22]} {[%emt 00:00:20]} cxd4 {[%clk
01:31:36]} {[%emt 00:00:06]} 4. Nxd4 {[%clk 01:31:33]} {[%emt 00:00:19]} e5
{[%clk 01:31:57]} {[%emt 00:00:09]} 5. Nb5 {[%clk 01:31:37]} {[%emt 00:00:26]}
d6 {[%clk 01:32:18]} {[%emt 00:00:09]} 6. N1c3 {[%clk 01:31:31]} {[%emt
00:00:36]} a6 {[%clk 01:32:38]} {[%emt 00:00:11]} 7. Na3 {[%clk 01:31:36]}
{[%emt 00:00:24]} b5 {[%clk 01:32:58]} {[%emt 00:00:10]} 8. Nd5 {[%clk
01:31:19]} {[%emt 00:00:47]} Nge7 {[%clk 01:33:15]} {[%emt 00:00:13]} 9. c4
{[%clk 01:30:36]} {[%emt 00:01:14]} Nxd5 {[%clk 01:33:30]} {[%emt 00:00:14]}
10. exd5 {[%clk 01:30:42]} {[%emt 00:00:24]} Nd4 {[%clk 01:33:36]} {[%emt
00:00:25]} 11. cxb5 {[%clk 01:30:37]} {[%emt 00:00:35]} Be7 {[%clk 01:33:46]}
{[%emt 00:00:19]} 12. Bd3 {[%clk 01:30:10]} {[%emt 00:00:56]} O-O {[%clk
01:33:22]} {[%emt 00:00:54]} 13. O-O {[%clk 01:29:51]} {[%emt 00:00:49]} f5
{[%clk 01:31:37]} {[%emt 00:02:16]} 14. bxa6 {[%clk 01:28:45]} {[%emt
00:01:36]} Bf6 {[%clk 01:28:32]} {[%emt 00:03:34]} 15. Nc2 {[%clk 01:25:18]}
{[%emt 00:03:58]} Nxc2 {[%clk 01:15:03]} {[%emt 00:14:00]} 16. Qxc2 {[%clk
01:24:25]} {[%emt 00:01:22]} e4 {[%clk 01:15:04]} {[%emt 00:00:29]} 17. Be2
{[%clk 01:23:19]} {[%emt 00:01:35]} Bxa6 {[%clk 01:14:21]} {[%emt 00:01:15]}
18. Bxa6 {[%clk 01:23:02]} {[%emt 00:00:46]} Rxa6 {[%clk 01:14:41]} {[%emt
00:00:10]} 19. a3 {[%clk 01:21:47]} {[%emt 00:01:45]} Qb6 {[%clk 01:12:40]}
{[%emt 00:02:26]} 20. Rb1 {[%clk 01:21:10]} {[%emt 00:01:11]} Rb8 {[%clk
01:12:06]} {[%emt 00:00:57]} 21. b4 {[%clk 01:19:52]} {[%emt 00:01:55]} Raa8
{[%clk 00:58:06]} {[%emt 00:14:31]} 22. Be3 {[%clk 01:18:32]} {[%emt 00:01:50]}
Bd4 {[%clk 00:56:15]} {[%emt 00:02:20]} 23. Qb3 {[%clk 01:16:47]} {[%emt
00:02:14]} Rc8 {[%clk 00:40:23]} {[%emt 00:16:21]} 24. Rfc1 {[%clk 01:15:51]}
{[%emt 00:01:27]} Rcb8 {[%clk 00:30:58]} {[%emt 00:09:57]} 25. Rc4 {[%clk
01:09:44]} {[%emt 00:06:36]} Bxe3 {[%clk 00:31:03]} {[%emt 00:00:26]} 26. fxe3
{[%clk 01:09:36]} {[%emt 00:00:38]} Qa7 {[%clk 00:26:10]} {[%emt 00:05:20]} 27.
Ra1 {[%clk 01:07:58]} {[%emt 00:02:09]} Qa4 {[%clk 00:23:47]} {[%emt 00:02:42]}
28. Qc3 {[%clk 01:05:49]} {[%emt 00:02:51]} h6 {[%clk 00:21:57]} {[%emt
00:02:21]} 29. Rc7 {[%clk 01:05:49]} {[%emt 00:00:30]} 1-0